Tilastot visalle Vuoden urheilijat

Klikkaa tästä pelataksesi tätä visaa!

Yleistilastot

  • Tätä visaa on pelattu 545 kertaa
    (58 viimeisimmän päivityksen jälkeen)
  • Keskiarvotulos 40 / 79

Vastaustilastot

VuosiVuoden UrheilijaLaji% Oikein
2022Iivo NiskanenMaastohiihto
98%
2018Iivo NiskanenMaastohiihto
98%
2017Iivo NiskanenMaastohiihto
98%
2014Iivo NiskanenMaastohiihto
98%
1995Jari LitmanenJalkapallo
98%
2023Lauri MarkkanenKoripallo
98%
2019Teemu PukkiJalkapallo
92%
1998Mika HäkkinenFormula 1
88%
2011Kaisa MäkäräinenAmpumahiihto
83%
2015Tero PitkämäkiKeihäänheitto
83%
2013Tero PitkämäkiKeihäänheitto
83%
2007Tero PitkämäkiKeihäänheitto
83%
1988Matti NykänenMäkihyppy
81%
1985Matti NykänenMäkihyppy
81%
2016Leo-Pekka TähtiPyörätuolikelaus
79%
1982Keke RosbergFormula 1
75%
2020Lukas HradeckyJalkapallo
73%
2014Sami JauhojärviMaastohiihto
73%
1994Jani SievinenUinti
71%
2005Janne AhonenMäkihyppy
71%
1976Lasse VirénKestävyysjuoksu
71%
1972Lasse VirénKestävyysjuoksu
71%
1984Marja-Liisa HämäläinenMaastohiihto
71%
1997Mika MyllyläMaastohiihto
71%
1999Mika MyllyläMaastohiihto
71%
2010Minna KauppiSuunnistus
71%
2001Sami HyypiäJalkapallo
71%
2021Matti MattsonUinti
69%
2002Samppa LajunenYhdistetty
69%
2009Aino-Kaisa SaarinenMaastohiihto
65%
1991Kimmo KinnunenKeihäänheitto
65%
2000Arsi HarjuKuulantyöntö
63%
1992Toni NieminenMäkihyppy
63%
2008Satu Mäkelä-NummelaAmmunta
60%
1979Pertti KarppinenSoutu
58%
1980Pertti KarppinenSoutu
58%
1993Juha KankkunenRalli
56%
2003Hanna-Maria SeppäläUinti
54%
1996Heli RantanenKeihäänheitto
54%
2006Jukka KeskisaloEstejuoksu
54%
2012Tuuli PetäjäPurjelautailu
54%
1986Marjo MatikainenMaastohiihto
52%
1987Marjo MatikainenMaastohiihto
52%
1989Marjo MatikainenMaastohiihto
52%
1983Tiina LillakKeihäänheitto
48%
2004Marko Yli-HannukselaPaini
46%
1977Pertti UkkolaPaini
44%
1964Eero MäntyrantaMaastohiihto
35%
1966Eero MäntyrantaMaastohiihto
35%
1981Heikki IkolaAmpumahiihto
35%
1975Heikki IkolaAmpumahiihto
35%
1978Helena TakaloMaastohiihto
35%
1974Riitta SalinPikajuoksu
33%
1952Veikko HakulinenMaastohiihto
33%
1953Veikko HakulinenMaastohiihto
33%
1954Veikko HakulinenMaastohiihto
33%
1960Veikko HakulinenMaastohiihto
33%
1971Juha VäätäinenKestävyysjuoksu
29%
1969Kaarlo KangasniemiPainonnosto
27%
1968Kaarlo KangasniemiPainonnosto
27%
1973Mona-Lisa PursiainenPikajuoksu
27%
1948Heikki HasuYhdistetty
23%
1950Heikki HasuYhdistetty
23%
1990Päivi AlafranttiKeihäänheitto
21%
1962Pentti NikulaSeiväshyppy
21%
1959Juhani JärvinenPikaluistelu
15%
1970Kalevi OikarainenMaastohiihto
15%
1955Voitto HellstenPikajuoksu
13%
1963Pentti EskolaPituushyppy
8%
1967Eero TapioPaini
6%
1956Antti HyvärinenMäkihyppy
4%
1957Olavi VuorisaloKeskimatkojen juoksu
4%
1951Veikko KarvonenKestävyysjuoksu
4%
1949Viljo HeinoKestävyysjuoksu
4%
1961Kalevi HuuskonenAmpumahiihto
2%
1947Lassi ParkkinenPikaluistelu
2%
1947Mikko HietanenKestävyysjuoksu
2%
1965Jouko LaunonenPikaluistelu
0%
1958Vilho YlönenAmmunta
0%

Tulosjakauma

Persentiili vastausten määrän mukaan

Jokaisen tuloksen saaneiden osuus

Tuloshistoriasi

Et ole pelannut tätä visaa sen viimeisimmän päivityksen jälkeen